Evénements du 11 mars - Statistiques

Statistiques générales
  • Ce quiz a été pris 63 fois
  • Le résultat moyen est 7 sur 15
Statistiques - réponses
Hint Réponse % Correct
L'OMS déclare que l'épidémie de Covid 19 est une pandémie 2020
100%
Série d'attentats terroristes à Madrid 2004
70%
Assassinat d'Héliogabale, empereur 222
70%
Mort de Claude François 1978
65%
Mikhaïl Gorbatchev est élu secrétaire générale du PC en URSS 1985
59%
Les Talibans détruisent les Bouddhas de Bamiyan 2001
50%
Thomas Edison présente le phonographe 1878
46%
Election du pape Léon X 1513
33%
1ère de Rigoletto de Verdi 1851
33%
Naissance de Bruno Podalydès 1961
33%
Naissance du poète Le Tasse 1544
30%
Naissance du mathématicien Urbain Le Verrier 1811
30%
1er match public de basket 1891
28%
Exécution du colonel Bastien-Thiry 1963
17%
Loi de généralisation des Allocations familiales en France 1932
15%
Aucun quiz correspondant
Distribution des résultats
% des personnes avec chaque résultat
Percentile par nombre de réponses
Votre historique - résultats
Vous n’avez pas pris ce quiz